000 00422nam a2200169Ia 4500
003 GCL
008 140319s9999 xx 000 0 eng d
040 _aGCL /
_cGCL
082 0 4 _a657
_bF M
100 1 _aFARROW, DAVID
245 1 0 _aMASTERING FINANCE AND ACCOUNTING /
_cFARROW, DAVID
260 _a[S.N] :
_bMC GRAW - HILL ،
_c1994
300 _a380 P
650 0 4 _aFINANCE
650 0 4 _aACCOUNTING
942 _2ddc
_cBK
999 _c24125
_d24125